000 00636nam a22001817a 4500
999 _c190667
_d190667
005 20220802122555.0
010 _aENG-134155
020 _a9789383649785
_c880.00
035 _aEN-117687
037 _bDBAB/PUB
082 _a327.54059
100 _aBhattacharya, Subhadeep
245 _aLooking East Since 1947:
_bIndia's Southeast Asia Policy/
_cSubhadeep Bhattacharya
260 _aNew Delhi
_bKW Publishers Pvt Ltd
_c2016
270 _a4676/21, First Floor, Ansari Road, Daryaganj
_bNew Delhi
_e110002
_mknowledgeworld@vsnl.net
300 _aix, 186p.
_bBibliography
_c23cm(hb)
942 _2ddc
_cEN
_h327.54059
_mBHA